[Event "Gibraltar Chess Festival 2017 - Masters"]
[Site "Gibraltar ENG"]
[Date "2017.01.25"]
[Round "2.39"]
[White "Donchenko, Alexander"]
[Black "Nomin-Erdene, Davaademberel"]
[Result "1-0"]
[WhiteElo "2559"]
[BlackElo "2378"]
[PlyCount "117"]
[EventDate "2017.01.24"]
[EventType "swiss"]
[EventRounds "10"]
[EventCountry "ENG"]
[SourceTitle "Ajedrez en Madrid"]
[Source "lmi"]
[SourceDate "2017.01.24"]

1. c4 c6 2. d4 d5 3. Nc3 Nf6 4. cxd5 cxd5 5. Bf4 Nc6 6. e3 a6 7. Bd3 e6 8. Nf3
Be7 9. h3 O-O 10. O-O Bd7 11. a3 Rc8 12. Ne5 Be8 13. Rc1 Na7 14. Qb3 b5 15. a4
b4 16. Bxa6 bxc3 17. Bxc8 Nxc8 18. Rxc3 Ne4 19. Rc2 f6 20. Nd3 Bd6 21. a5 g5
22. Bxd6 Nexd6 23. Ra1 Bb5 24. Nc5 Qe7 25. a6 Na7 26. Nb7 Nc4 27. e4 Kg7 28.
Nc5 Qd6 29. Re1 e5 30. Qb4 Re8 31. b3 Nb6 32. dxe5 Qxe5 33. Qa5 Nbc8 34. Rd2 d4
35. b4 Kh6 36. Red1 d3 37. Nxd3 Bxd3 38. Qxe5 Rxe5 39. Rxd3 Rxe4 40. Rb1 Nb5
41. Rd7 Nca7 42. Rb7 Kg6 43. f3 Re6 44. Ra1 h5 45. g3 Re3 46. Ra5 Re5 47. Kf2
Kf5 48. Rb6 Rd5 49. Ke3 Ke5 50. f4+ Kf5 51. h4 gxf4+ 52. gxf4 Kg6 53. Raxb5
Rxb5 54. Rxb5 Nxb5 55. Kd3 Kf5 56. Kc4 Nc7 57. a7 Ke6 58. b5 Na8 59. Kc5 1-0

[Event "Gibraltar Chess Festival 2017 - Masters"]
[Site "Gibraltar ENG"]
[Date "2017.01.25"]
[Round "2.40"]
[White "Henderson De La Fuente, Lance"]
[Black "Muzychuk, Anna"]
[Result "0-1"]
[WhiteElo "2380"]
[BlackElo "2558"]
[PlyCount "58"]
[EventDate "2017.01.24"]
[EventType "swiss"]
[EventRounds "10"]
[EventCountry "ENG"]
[SourceTitle "Ajedrez en Madrid"]
[Source "lmi"]
[SourceDate "2017.01.24"]

1. e4 c5 2. Nf3 Nc6 3. d4 cxd4 4. Nxd4 g6 5. c4 Bg7 6. Be3 Nf6 7. Nc3 d6 8. Be2
O-O 9. O-O Bd7 10. Qd2 Nxd4 11. Bxd4 Bc6 12. f3 a5 13. Rab1 Nd7 14. Be3 Nc5 15.
Rfc1 Be5 16. b3 e6 17. a3 a4 18. bxa4 Nxa4 19. Nb5 Nc5 20. Rd1 Qh4 21. g3 Bxg3
22. hxg3 Qxg3+ 23. Kf1 Nxe4 24. fxe4 f5 25. Nd4 fxe4+ 26. Bf3 exf3 27. Nxc6
bxc6 28. Qf2 Qh3+ 29. Ke1 Rxa3 0-1

[Event "Gibraltar Chess Festival 2017 - Masters"]
[Site "Gibraltar ENG"]
[Date "2017.01.25"]
[Round "2.41"]
[White "Huzman, Alexander"]
[Black "Gara, Ticia"]
[Result "1-0"]
[WhiteElo "2557"]
[BlackElo "2378"]
[PlyCount "133"]
[EventDate "2017.01.24"]
[EventType "swiss"]
[EventRounds "10"]
[EventCountry "ENG"]
[SourceTitle "Ajedrez en Madrid"]
[Source "lmi"]
[SourceDate "2017.01.24"]

1. d4 Nf6 2. Nf3 e6 3. g3 c5 4. Bg2 cxd4 5. Nxd4 d5 6. c4 e5 7. Nf3 d4 8. O-O
Nc6 9. e3 Be7 10. exd4 exd4 11. Bf4 O-O 12. Ne5 Nxe5 13. Bxe5 Bc5 14. Nd2 Ng4
15. Bf4 Bd6 16. Bxd6 Qxd6 17. Ne4 Qb6 18. Qd2 Nf6 19. Nxf6+ Qxf6 20. Rfd1 Rd8
21. Bd5 Bg4 22. f3 Be6 23. Qxd4 Qxd4+ 24. Rxd4 Bxd5 25. Rad1 Kf8 26. Rxd5 Rxd5
27. Rxd5 Ke7 28. Kf2 Rc8 29. b3 Rc6 30. Ke3 Re6+ 31. Kd2 Rf6 32. Re5+ Kd7 33.
f4 Rh6 34. h4 Ra6 35. a4 h6 36. Ke3 Rb6 37. Rb5 Re6+ 38. Kd4 Kc6 39. Rc5+ Kd6
40. Re5 Rg6 41. c5+ Kc6 42. b4 a6 43. Kc4 Rxg3 44. Re7 b5+ 45. cxb6 Kxb6 46.
a5+ Kc6 47. Rxf7 Rg1 48. Ra7 Rc1+ 49. Kd4 Kb5 50. Rb7+ Ka4 51. Rxg7 Kxb4 52.
Rb7+ Kxa5 53. f5 Rh1 54. f6 Rxh4+ 55. Ke5 Rh1 56. f7 Rf1 57. Ke6 h5 58. Rb8 h4
59. f8=Q Rxf8 60. Rxf8 Kb4 61. Rb8+ Kc4 62. Ra8 Kb5 63. Kd5 a5 64. Rb8+ Ka4 65.
Kc4 Ka3 66. Rb3+ Ka2 67. Rh3 1-0

[Event "Gibraltar Chess Festival 2017 - Masters"]
[Site "Gibraltar ENG"]
[Date "2017.01.25"]
[Round "2.42"]
[White "Szabo, Bence"]
[Black "Mastrovasilis, Athanasios"]
[Result "0-1"]
[WhiteElo "2378"]
[BlackElo "2551"]
[PlyCount "116"]
[EventDate "2017.01.24"]
[EventType "swiss"]
[EventRounds "10"]
[EventCountry "ENG"]
[SourceTitle "Ajedrez en Madrid"]
[Source "lmi"]
[SourceDate "2017.01.24"]

1. Nf3 Nf6 2. c4 e6 3. Nc3 d5 4. d4 Nbd7 5. Bf4 dxc4 6. e3 Nb6 7. Bxc4 Nxc4 8.
Qa4+ c6 9. Qxc4 Nd5 10. O-O Nxf4 11. exf4 Be7 12. Ne5 O-O 13. Rfd1 Qd6 14. Rab1
f6 15. Ne4 Qd5 16. Nc3 Qxc4 17. Nxc4 Rd8 18. Ne3 Bd7 19. Ne4 b6 20. Rbc1 Rac8
21. a4 Be8 22. b3 Ba3 23. Rc3 c5 24. dxc5 Bg6 25. f3 Bxe4 26. fxe4 Rxd1+ 27.
Nxd1 Rd8 28. Nf2 Bxc5 29. Kf1 Rd2 30. Rf3 Kf7 31. Nd3 Bd4 32. Nb4 Bc5 33. Nd3
Bd4 34. Nb4 Bc5 35. Nd3 Be7 36. h3 Ke8 37. g4 Kd7 38. Ke1 Rh2 39. Re3 Kc6 40.
e5 f5 41. gxf5 exf5 42. e6 Kd6 43. Ne5 Bf6 44. Nd3 Bc3+ 45. Kf1 Ke7 46. Kg1 Bd4
47. Kxh2 Bxe3 48. Kg3 Kxe6 49. Kf3 Bc5 50. Ne5 Kd5 51. h4 a5 52. Nf7 Kd4 53.
Ng5 Kc3 54. Ne6 Bd4 55. h5 h6 56. Ke2 Bf6 57. Nc7 Kxb3 58. Nd5 Bd8 0-1

[Event "Gibraltar Chess Festival 2017 - Masters"]
[Site "Gibraltar ENG"]
[Date "2017.01.25"]
[Round "2.43"]
[White "Schroeder, Jan-Christian"]
[Black "Soumya, Swaminathan"]
[Result "1-0"]
[WhiteElo "2550"]
[BlackElo "2375"]
[PlyCount "97"]
[EventDate "2017.01.24"]
[EventType "swiss"]
[EventRounds "10"]
[EventCountry "ENG"]
[SourceTitle "Ajedrez en Madrid"]
[Source "lmi"]
[SourceDate "2017.01.24"]

1. e4 c5 2. Nf3 d6 3. d4 cxd4 4. Nxd4 Nf6 5. Nc3 Nc6 6. Bg5 e6 7. Qd2 a6 8.
O-O-O Bd7 9. f4 b5 10. Bxf6 gxf6 11. Kb1 Qb6 12. Nxc6 Bxc6 13. f5 O-O-O 14.
fxe6 fxe6 15. Bd3 Be7 16. Ne2 d5 17. exd5 Bxd5 18. Nf4 Bb7 19. Qe2 e5 20. Nh5
Qc6 21. Qg4+ Kb8 22. Qg7 Qe6 23. Rde1 Bd5 24. a3 Rhg8 25. Qh6 Qf7 26. Rhf1 Rd6
27. Ng3 Bxg2 28. Rf2 Bb7 29. Qe3 Qe6 30. Ref1 Bd8 31. Bxh7 Rh8 32. Bf5 Qe7 33.
Be4 Bb6 34. Qe2 Bxe4 35. Nxe4 Bxf2 36. Nxd6 Qxd6 37. Qxf2 Rf8 38. Qf5 Kc7 39.
Rf3 Qd1+ 40. Ka2 Qd5+ 41. b3 Kb6 42. Rc3 Rf7 43. h4 Qd7 44. Qe4 Qe6 45. h5 f5
46. Qa8 Qd6 47. Rc8 Rb7 48. Rg8 Rf7 49. b4 1-0

[Event "Gibraltar Chess Festival 2017 - Masters"]
[Site "Gibraltar ENG"]
[Date "2017.01.25"]
[Round "2.44"]
[White "Kozak, Adam"]
[Black "Spraggett, Kevin"]
[Result "1/2-1/2"]
[WhiteElo "2376"]
[BlackElo "2542"]
[PlyCount "62"]
[EventDate "2017.01.24"]
[EventType "swiss"]
[EventRounds "10"]
[EventCountry "ENG"]
[SourceTitle "Ajedrez en Madrid"]
[Source "lmi"]
[SourceDate "2017.01.24"]

1. d4 Nf6 2. c4 e6 3. Nc3 Bb4 4. Qc2 c5 5. dxc5 Qc7 6. Nf3 Bxc5 7. Bg5 a6 8. e3
Be7 9. Be2 d6 10. O-O Nbd7 11. a4 O-O 12. a5 Ne5 13. Nxe5 dxe5 14. Rfd1 h6 15.
Bh4 Bd7 16. Ne4 Bc6 17. Nxf6+ gxf6 18. c5 Rad8 19. b4 Rxd1+ 20. Rxd1 Rd8 21. f3
f5 22. Bxe7 Qxe7 23. Qc3 Rxd1+ 24. Bxd1 Qd7 25. Bc2 Bb5 26. h3 f6 27. Bb3 Kf7
28. Bc4 Bxc4 29. Qxc4 Qd2 30. e4 Qe1+ 31. Kh2 f4 1/2-1/2

[Event "Gibraltar Chess Festival 2017 - Masters"]
[Site "Gibraltar ENG"]
[Date "2017.01.25"]
[Round "2.45"]
[White "Lagno, Kateryna"]
[Black "Arakhamia-Grant, Ketevan"]
[Result "1-0"]
[WhiteElo "2530"]
[BlackElo "2370"]
[PlyCount "93"]
[EventDate "2017.01.24"]
[EventType "swiss"]
[EventRounds "10"]
[EventCountry "ENG"]
[SourceTitle "Ajedrez en Madrid"]
[Source "lmi"]
[SourceDate "2017.01.24"]

1. e4 d5 2. exd5 Nf6 3. Bb5+ Bd7 4. Be2 Nxd5 5. d4 g6 6. c4 Nb6 7. Nf3 Bg7 8.
Nc3 O-O 9. c5 Nc8 10. Bf4 c6 11. Qb3 b6 12. Rd1 Be6 13. Qa3 a5 14. Ne5 b5 15.
d5 cxd5 16. Nxb5 Na7 17. O-O Nxb5 18. Bxb5 Qc8 19. c6 Bxe5 20. Bxe5 Nxc6 21.
Rc1 Bd7 22. Bxc6 Bxc6 23. Qxe7 Qf5 24. Rxc6 Rae8 25. Qa3 Qxe5 26. Rc5 a4 27.
Qxa4 Qxb2 28. Rxd5 Re2 29. Ra5 Kg7 30. Ra7 Rfe8 31. Qf4 R8e7 32. Rxe7 Rxe7 33.
a4 Ra7 34. Rd1 Re7 35. h4 h5 36. a5 Qe2 37. Rd6 Re6 38. Rxe6 Qxe6 39. Qd4+ Kg8
40. Qb6 Qe1+ 41. Kh2 Qe5+ 42. g3 Qd5 43. a6 Qf3 44. a7 Kg7 45. Qd4+ Kh7 46. Qf4
Qa8 47. Qb8 1-0

[Event "Gibraltar Chess Festival 2017 - Masters"]
[Site "Gibraltar ENG"]
[Date "2017.01.25"]
[Round "2.46"]
[White "Shachar, Ehud"]
[Black "Del Rio De Angelis, Salvador G"]
[Result "1/2-1/2"]
[WhiteElo "2374"]
[BlackElo "2527"]
[PlyCount "70"]
[EventDate "2017.01.24"]
[EventType "swiss"]
[EventRounds "10"]
[EventCountry "ENG"]
[SourceTitle "Ajedrez en Madrid"]
[Source "lmi"]
[SourceDate "2017.01.24"]

1. e4 e6 2. d4 d5 3. exd5 exd5 4. Nf3 Nf6 5. Bd3 c5 6. O-O Nc6 7. h3 cxd4 8.
Re1+ Be7 9. Nbd2 O-O 10. a3 Re8 11. b4 Bd6 12. Bb2 Bd7 13. Nxd4 Ne5 14. N2f3
Nxd3 15. Qxd3 Qb6 16. Nf5 Bxf5 17. Qxf5 Ne4 18. Rxe4 dxe4 19. Ng5 Bh2+ 20. Kxh2
Qg6 21. Qxg6 hxg6 22. f3 Rac8 23. Nxe4 Rxc2 24. Bd4 b6 25. Re1 Rd8 26. Be3 Ra2
27. Bc1 Ra1 28. Nc3 Rc8 29. Ne2 Re8 30. Kg3 Ra2 31. Kf2 a5 32. bxa5 bxa5 33. f4
f5 34. Kf3 Kf7 35. Kf2 Re4 1/2-1/2

[Event "Gibraltar Chess Festival 2017 - Masters"]
[Site "Gibraltar ENG"]
[Date "2017.01.25"]
[Round "2.47"]
[White "Gunina, Valentina"]
[Black "Omar, Noaman"]
[Result "1/2-1/2"]
[WhiteElo "2524"]
[BlackElo "2369"]
[PlyCount "86"]
[EventDate "2017.01.24"]
[EventType "swiss"]
[EventRounds "10"]
[EventCountry "ENG"]
[SourceTitle "Ajedrez en Madrid"]
[Source "lmi"]
[SourceDate "2017.01.24"]

1. d4 d5 2. c4 dxc4 3. e3 e5 4. Bxc4 exd4 5. exd4 Bd6 6. Nf3 Nf6 7. Qe2+ Qe7 8.
Qxe7+ Bxe7 9. O-O Nbd7 10. Re1 Nb6 11. Bb3 c6 12. Nc3 Nfd5 13. Bd2 Be6 14. Ng5
Bxg5 15. Bxg5 h6 16. Bh4 O-O 17. Ne4 Nc7 18. Bc2 Nb5 19. Red1 Nd5 20. Nc5 Bg4
21. Rd2 Nd6 22. f3 Bc8 23. Re1 b6 24. Nd3 Ba6 25. b3 Rfe8 26. Ne5 Nb4 27. Bb1
f6 28. a3 Nd5 29. Nxc6 Rxe1+ 30. Bxe1 Rc8 31. Rc2 Nb5 32. Nb4 Nxb4 33. Bxb4
Nxd4 34. Rb2 Bb7 35. Kf2 a5 36. Bd2 Bd5 37. a4 Kf7 38. b4 b5 39. Be3 Nb3 40.
axb5 a4 41. b6 Rc4 42. b5 Ke6 43. Bd3 Rc3 1/2-1/2

[Event "Gibraltar Chess Festival 2017 - Masters"]
[Site "Gibraltar ENG"]
[Date "2017.01.25"]
[Round "2.48"]
[White "Derakhshani, Dorsa"]
[Black "Lemos, Damian"]
[Result "1/2-1/2"]
[WhiteElo "2370"]
[BlackElo "2516"]
[PlyCount "60"]
[EventDate "2017.01.24"]
[EventType "swiss"]
[EventRounds "10"]
[EventCountry "ENG"]
[SourceTitle "Ajedrez en Madrid"]
[Source "lmi"]
[SourceDate "2017.01.24"]

1. e4 e5 2. Nf3 Nc6 3. Nc3 Nf6 4. d4 exd4 5. Nxd4 Bb4 6. Nxc6 bxc6 7. Bd3 d5 8.
exd5 cxd5 9. O-O O-O 10. Bg5 c6 11. Qf3 Be7 12. Rfe1 Re8 13. h3 h6 14. Bf4 Be6
15. Rad1 Bd6 16. Be5 Bxe5 17. Rxe5 Qb8 18. Qg3 Kh8 19. b3 Qb4 20. Ne2 Bd7 21.
c3 Qa3 22. Rd2 a5 23. Kh2 Rxe5 24. Qxe5 Re8 25. Qf4 Qc5 26. b4 Qa7 27. Qd4 Qb8+
28. Qf4 Qa7 29. Qd4 Qb8+ 30. Qf4 Qa7 1/2-1/2

[Event "Gibraltar Chess Festival 2017 - Masters"]
[Site "Gibraltar ENG"]
[Date "2017.01.25"]
[Round "2.50"]
[White "Thavandiran, Shiyam"]
[Black "Narciso Dublan, Marc"]
[Result "1/2-1/2"]
[WhiteElo "2367"]
[BlackElo "2508"]
[PlyCount "68"]
[EventDate "2017.01.24"]
[EventType "swiss"]
[EventRounds "10"]
[EventCountry "ENG"]
[SourceTitle "Ajedrez en Madrid"]
[Source "lmi"]
[SourceDate "2017.01.24"]

1. e4 d6 2. d4 Nf6 3. Nc3 g6 4. Bg5 Bg7 5. Qd2 h6 6. Bh4 g5 7. Bg3 Nh5 8. O-O-O
e6 9. Be2 Nxg3 10. hxg3 Nc6 11. Qe3 Qf6 12. Nb5 Qe7 13. f4 a6 14. Nc3 b5 15. e5
Bb7 16. d5 Nb4 17. dxe6 Qxe6 18. Bf3 O-O-O 19. Qa7 c6 20. a3 Na2+ 21. Nxa2 Qxa2
22. Bg4+ Kc7 23. c3 dxe5 24. Nf3 f5 25. Bxf5 Qf7 26. g4 exf4 27. Nd2 Rhe8 28.
Ne4 Bf8 29. Rxd8 Rxd8 30. Rxh6 Ra8 31. Qd4 Bxh6 32. Qd6+ Kb6 33. Qd4+ Kc7 34.
Qd6+ Kb6 1/2-1/2

[Event "Gibraltar Chess Festival 2017 - Masters"]
[Site "Gibraltar ENG"]
[Date "2017.01.25"]
[Round "2.51"]
[White "Buchenau, Frank"]
[Black "Aryan, Chopra"]
[Result "1/2-1/2"]
[WhiteElo "2274"]
[BlackElo "2503"]
[PlyCount "107"]
[EventDate "2017.01.24"]
[EventType "swiss"]
[EventRounds "10"]
[EventCountry "ENG"]
[SourceTitle "Ajedrez en Madrid"]
[Source "lmi"]
[SourceDate "2017.01.24"]

1. e4 c5 2. Nf3 d6 3. Bb5+ Nd7 4. O-O a6 5. Bd3 Ngf6 6. Re1 b5 7. c4 g5 8. Nxg5
Ne5 9. Bf1 bxc4 10. d4 cxd3 11. f4 Nc6 12. Bxd3 h6 13. Nf3 Be6 14. Nc3 Bg7 15.
h3 O-O 16. f5 Bd7 17. Be3 Qb6 18. Rb1 Nb4 19. Bf1 Bb5 20. Qd2 Bxf1 21. Rxf1 Kh7
22. a3 Nc6 23. b4 Qc7 24. Nd5 Nxd5 25. exd5 Ne5 26. Nxe5 Bxe5 27. bxc5 dxc5 28.
Bxh6 Rfb8 29. Be3 c4 30. Bd4 Rxb1 31. Rxb1 Bxd4+ 32. Qxd4 Qa7 33. Qxa7 Rxa7 34.
Rc1 Rc7 35. Kf2 Rc5 36. g4 Rxd5 37. Rxc4 Rd3 38. Ra4 Rxh3 39. Rxa6 f6 40. a4
Ra3 41. Ra7 Kh6 42. Rxe7 Rxa4 43. Kg3 Ra3+ 44. Kh4 Ra7 45. Re6 Kg7 46. Kh5 Kf7
47. Rb6 Kg7 48. g5 fxg5 49. Kxg5 Kf7 50. Rh6 Kg7 51. f6+ Kg8 52. Rh1 Ra3 53.
Kg6 Rg3+ 54. Kf5 1/2-1/2

[Event "Gibraltar Chess Festival 2017 - Masters"]
[Site "Gibraltar ENG"]
[Date "2017.01.25"]
[Round "2.52"]
[White "Kollars, Dmitrij"]
[Black "Smith, Andrew Philip"]
[Result "1-0"]
[WhiteElo "2500"]
[BlackElo "2152"]
[PlyCount "59"]
[EventDate "2017.01.24"]
[EventType "swiss"]
[EventRounds "10"]
[EventCountry "ENG"]
[SourceTitle "Ajedrez en Madrid"]
[Source "lmi"]
[SourceDate "2017.01.24"]

1. e4 c5 2. Nf3 e6 3. d4 cxd4 4. Nxd4 Nc6 5. Nc3 Qc7 6. Be3 a6 7. Qf3 Nf6 8.
O-O-O d6 9. Nxc6 Qxc6 10. Be2 Qc7 11. g4 b5 12. a3 Rb8 13. g5 Nd7 14. h4 b4 15.
axb4 Rxb4 16. Bd2 Rb8 17. h5 Qa5 18. Kb1 Qa3 19. Bc1 g6 20. hxg6 fxg6 21. b3
Qa5 22. Qe3 Qc5 23. Qxc5 dxc5 24. f4 Bg7 25. e5 Bb7 26. Rh3 h6 27. gxh6 Bxh6
28. Bc4 Ke7 29. Rd6 Nf8 30. f5 1-0

[Event "Gibraltar Chess Festival 2017 - Masters"]
[Site "Gibraltar ENG"]
[Date "2017.01.25"]
[Round "2.53"]
[White "Sanchez Jerez, Emilio Miguel"]
[Black "Liang, Awonder"]
[Result "0-1"]
[WhiteElo "2257"]
[BlackElo "2496"]
[PlyCount "76"]
[EventDate "2017.01.24"]
[EventType "swiss"]
[EventRounds "10"]
[EventCountry "ENG"]
[SourceTitle "Ajedrez en Madrid"]
[Source "lmi"]
[SourceDate "2017.01.24"]

1. e4 e5 2. Bc4 Nf6 3. Nc3 Nc6 4. d3 Na5 5. Qf3 c6 6. Nge2 d6 7. h3 Be7 8. O-O
b5 9. Bb3 O-O 10. Ng3 g6 11. Bh6 Re8 12. Nd1 Nxb3 13. axb3 Kh8 14. Bg5 Kg7 15.
Qe3 Ng4 16. hxg4 Bxg5 17. Qf3 Be6 18. Ne3 a5 19. c4 Bxe3 20. Qxe3 Bxg4 21. d4
h5 22. f3 Bd7 23. c5 Qf6 24. Rad1 h4 25. Ne2 d5 26. dxe5 Rxe5 27. Nc3 b4 28. f4
Rh5 29. e5 Qe7 30. Ne2 Bg4 31. Rde1 Bf5 32. Nd4 Be4 33. Nxc6 Qd7 34. Nd4 h3 35.
e6 fxe6 36. Nf3 hxg2 37. Kxg2 e5 38. Kf2 Rh3 0-1

[Event "Gibraltar Chess Festival 2017 - Masters"]
[Site "Gibraltar ENG"]
[Date "2017.01.25"]
[Round "2.54"]
[White "Bellahcene, Bilel"]
[Black "Finsterwalder, Sebastian"]
[Result "1-0"]
[WhiteElo "2493"]
[BlackElo "2130"]
[PlyCount "85"]
[EventDate "2017.01.24"]
[EventType "swiss"]
[EventRounds "10"]
[EventCountry "ENG"]
[SourceTitle "Ajedrez en Madrid"]
[Source "lmi"]
[SourceDate "2017.01.24"]

1. c4 e5 2. Nc3 Nc6 3. g3 f5 4. Bg2 Nf6 5. e3 d5 6. cxd5 Nb4 7. d3 c6 8. a3
Nbxd5 9. Nge2 Bd6 10. b4 O-O 11. O-O Qe8 12. b5 Qh5 13. a4 f4 14. exf4 Bh3 15.
Nxd5 Nxd5 16. Bxh3 Qxh3 17. fxe5 Bxe5 18. d4 Rf5 19. f3 Bc7 20. Qd3 Re8 21. Bd2
Re6 22. Rf2 Rh5 23. Re1 Rg6 24. Rg2 Re6 25. Rb1 Rf5 26. bxc6 bxc6 27. Rb7 Ref6
28. Rf2 Bd6 29. Rxa7 Rf8 30. Rb7 h5 31. f4 R5f6 32. Qf3 Qf5 33. Nc3 Rg6 34.
Nxd5 cxd5 35. Rb5 Qe4 36. Rxd5 Qb1+ 37. Kg2 h4 38. Rb5 Qa1 39. Qb3+ Kh7 40.
Rh5+ Rh6 41. Qd3+ Kh8 42. Rxh6+ gxh6 43. Bc3 1-0

[Event "Gibraltar Chess Festival 2017 - Masters"]
[Site "Gibraltar ENG"]
[Date "2017.01.25"]
[Round "2.56"]
[White "Batsiashvili, Nino"]
[Black "Newbry, Benjamin J"]
[Result "1-0"]
[WhiteElo "2492"]
[BlackElo "1879"]
[PlyCount "91"]
[EventDate "2017.01.24"]
[EventType "swiss"]
[EventRounds "10"]
[EventCountry "ENG"]
[SourceTitle "Ajedrez en Madrid"]
[Source "lmi"]
[SourceDate "2017.01.24"]

1. d4 b6 2. c4 Bb7 3. Nc3 e6 4. a3 f5 5. d5 Nf6 6. g3 Be7 7. Bg2 O-O 8. Nh3 e5
9. O-O Qe8 10. Ng5 h6 11. d6 Bxg2 12. dxe7 Bxf1 13. exf8=Q+ Kxf8 14. Qxf1 hxg5
15. Bxg5 Nh7 16. Qh3 Qg6 17. Bd8 Na6 18. Qh4 Qe8 19. Qxh7 Rxd8 20. Qxf5+ Kg8
21. Rd1 d6 22. Ne4 Qf7 23. Qxf7+ Kxf7 24. Kg2 Nc5 25. Ng5+ Kf6 26. h4 Ne6 27.
Ne4+ Kf5 28. f3 Nc5 29. g4+ Kg6 30. Nc3 c6 31. Kg3 Nb3 32. h5+ Kf7 33. Ne4 Ke7
34. f4 d5 35. cxd5 cxd5 36. Nc3 d4 37. Ne4 Nc5 38. Nxc5 bxc5 39. fxe5 Ke6 40.
Kf4 Rd5 41. h6 Rd7 42. Rh1 gxh6 43. Rxh6+ Kd5 44. Rd6+ Rxd6 45. exd6 Kxd6 46.
Ke4 1-0

[Event "Gibraltar Chess Festival 2017 - Masters"]
[Site "Gibraltar ENG"]
[Date "2017.01.25"]
[Round "2.57"]
[White "Herzwurm, Robert"]
[Black "Dragnev, Valentin"]
[Result "0-1"]
[WhiteElo "2143"]
[BlackElo "2492"]
[PlyCount "36"]
[EventDate "2017.01.24"]
[EventType "swiss"]
[EventRounds "10"]
[EventCountry "ENG"]
[SourceTitle "Ajedrez en Madrid"]
[Source "lmi"]
[SourceDate "2017.01.24"]

1. e4 e5 2. Nf3 Nc6 3. Bc4 Bc5 4. c3 Nf6 5. d3 d6 6. Bb3 a6 7. h3 Ba7 8. Nbd2
h6 9. Nf1 Nh5 10. g4 Nf4 11. Ne3 h5 12. Nf5 hxg4 13. Bxf4 exf4 14. Kd2 Bxf5 15.
exf5 gxf3 16. Qxf3 Qf6 17. Qd5 Bxf2 18. Qe4+ Qe5 0-1

[Event "Gibraltar Chess Festival 2017 - Masters"]
[Site "Gibraltar ENG"]
[Date "2017.01.25"]
[Round "2.59"]
[White "Short, Nigel D"]
[Black "Bellin, Robert"]
[Result "1-0"]
[WhiteElo "2675"]
[BlackElo "2353"]
[PlyCount "51"]
[EventDate "2017.01.24"]
[EventType "swiss"]
[EventRounds "10"]
[EventCountry "ENG"]
[SourceTitle "Ajedrez en Madrid"]
[Source "lmi"]
[SourceDate "2017.01.24"]

1. d4 Nf6 2. c4 e6 3. Nf3 b6 4. a3 Bb7 5. Nc3 g6 6. Bg5 h6 7. Bh4 Bg7 8. e3 d6
9. h3 Nbd7 10. Be2 a6 11. O-O O-O 12. b4 Qe7 13. Rc1 Rfd8 14. d5 c5 15. Re1
exd5 16. cxd5 Rac8 17. b5 c4 18. bxa6 Bxa6 19. Nd4 Nb8 20. Rb1 Qb7 21. Bf3 Re8
22. Bg3 Bf8 23. Re2 Nbd7 24. Reb2 Qa8 25. Rb4 Rc5 26. Ne6 1-0

[Event "Gibraltar Chess Festival 2017 - Masters"]
[Site "Gibraltar ENG"]
[Date "2017.01.25"]
[Round "2.60"]
[White "Gluhovsky, Mark"]
[Black "Ganguly, Surya Shekhar"]
[Result "0-1"]
[WhiteElo "2263"]
[BlackElo "2657"]
[PlyCount "106"]
[EventDate "2017.01.24"]
[EventType "swiss"]
[EventRounds "10"]
[EventCountry "ENG"]
[SourceTitle "Ajedrez en Madrid"]
[Source "lmi"]
[SourceDate "2017.01.24"]

1. e4 e6 2. d4 d5 3. e5 c5 4. c3 Nc6 5. Nf3 Qb6 6. a3 Nh6 7. b4 cxd4 8. cxd4
Nf5 9. Bb2 Bd7 10. g4 Nfe7 11. Nc3 Na5 12. Na4 Qc6 13. Nc5 Nc4 14. Qb3 b5 15.
Bc3 h5 16. g5 Nf5 17. Bd3 Be7 18. Rg1 g6 19. Ke2 O-O 20. a4 Bxc5 21. bxc5 bxa4
22. Qc2 Rfb8 23. Rgb1 Rxb1 24. Qxb1 Qc7 25. Qa2 Qd8 26. Bc2 a3 27. Rb1 a6 28.
Bd3 Bb5 29. Ke1 Rb8 30. Bb4 Rb7 31. Kf1 Nce3+ 32. Ke2 Bxd3+ 33. Kxd3 Nc4 34.
Bc3 Rb5 35. Kc2 Qb8 36. Re1 a5 37. Rb1 Qb7 38. Rxb5 Qxb5 39. Nd2 Nxd2 40. Kxd2
Qf1 41. Qxa3 Qxf2+ 42. Kc1 Ne3 43. Qb3 Qg1+ 44. Kb2 Nc4+ 45. Ka2 Qxh2+ 46. Ka1
Qg1+ 47. Ka2 Qg2+ 48. Ka1 h4 49. c6 h3 50. c7 h2 51. c8=Q+ Kg7 52. Be1 h1=Q 53.
Qb1 Qxe1 0-1

[Event "Gibraltar Chess Festival 2017 - Masters"]
[Site "Gibraltar ENG"]
[Date "2017.01.25"]
[Round "2.61"]
[White "Edouard, Romain"]
[Black "Mueller-Dehn, Christian"]
[Result "1-0"]
[WhiteElo "2613"]
[BlackElo "2170"]
[PlyCount "55"]
[EventDate "2017.01.24"]
[EventType "swiss"]
[EventRounds "10"]
[EventCountry "ENG"]
[SourceTitle "Ajedrez en Madrid"]
[Source "lmi"]
[SourceDate "2017.01.24"]

1. Nf3 d5 2. g3 c6 3. Bg2 Bg4 4. O-O e6 5. h3 Bh5 6. d4 Bd6 7. c4 Nd7 8. cxd5
exd5 9. Nc3 Ngf6 10. Nh4 Bg6 11. Bg5 h6 12. Nxg6 fxg6 13. Bxf6 Nxf6 14. Qc2 Kf7
15. e4 dxe4 16. Qb3+ Kf8 17. Qxb7 Qc8 18. Qb3 Rb8 19. Qc2 c5 20. Nxe4 Nxe4 21.
Qxe4 Qf5 22. Qc6 Be7 23. Rae1 Rd8 24. Re5 Qd7 25. Qxg6 Bf6 26. Rd5 Qf7 27.
Rxd8+ Bxd8 28. Qd6+ 1-0

[Event "Gibraltar Chess Festival 2017 - Masters"]
[Site "Gibraltar ENG"]
[Date "2017.01.25"]
[Round "2.62"]
[White "Tate, Alan"]
[Black "Kaidanov, Gregory S"]
[Result "1-0"]
[WhiteElo "2309"]
[BlackElo "2572"]
[PlyCount "71"]
[EventDate "2017.01.24"]
[EventType "swiss"]
[EventRounds "10"]
[EventCountry "ENG"]
[SourceTitle "Ajedrez en Madrid"]
[Source "lmi"]
[SourceDate "2017.01.24"]

1. e4 e6 2. d4 d5 3. Nd2 Nf6 4. e5 Nfd7 5. Bd3 c5 6. c3 Nc6 7. Ngf3 Rb8 8. a3
a5 9. O-O b5 10. Re1 c4 11. Bc2 b4 12. axb4 axb4 13. Ba4 Na5 14. Ng5 Be7 15. f4
h6 16. Nxe6 fxe6 17. Qh5+ Kf8 18. f5 Nxe5 19. Rxe5 Rb6 20. Bc2 Nc6 21. Rxe6 Bf6
22. Ra8 b3 23. Bb1 Rb8 24. Rxb8 Nxb8 25. Nf3 Bd7 26. Bf4 Nc6 27. Rd6 Qe7 28.
Rxd5 Be8 29. Qg4 Qe2 30. Bd6+ Be7 31. Qe4 Qxb2 32. Bxe7+ Nxe7 33. Re5 Bc6 34.
Qe1 Nd5 35. Nh4 Nf4 36. d5 1-0

[Event "Gibraltar Chess Festival 2017 - Masters"]
[Site "Gibraltar ENG"]
[Date "2017.01.25"]
[Round "2.63"]
[White "Galmandakh, Badrakh"]
[Black "Muzychuk, Mariya"]
[Result "0-1"]
[WhiteElo "2215"]
[BlackElo "2546"]
[PlyCount "94"]
[EventDate "2017.01.24"]
[EventType "swiss"]
[EventRounds "10"]
[EventCountry "ENG"]
[SourceTitle "Ajedrez en Madrid"]
[Source "lmi"]
[SourceDate "2017.01.24"]

1. d3 c5 2. g3 Nc6 3. Bg2 d5 4. e4 Nf6 5. exd5 Nxd5 6. Ne2 e5 7. O-O Be6 8. f4
exf4 9. Bxd5 Qxd5 10. Nxf4 Qd4+ 11. Kg2 Bd7 12. Nc3 Ne5 13. Ncd5 Bc6 14. c4 g5
15. Be3 Qxe3 16. Re1 gxf4 17. Rxe3 fxe3 18. Qh5 Bg7 19. Re1 O-O 20. Rxe3 Rfe8
21. Qg5 h6 22. Qf4 Rad8 23. Kh3 Bxd5 24. cxd5 Rxd5 25. Qa4 Ra8 26. Qb3 Rd7 27.
Qb5 Rad8 28. Qxc5 Nxd3 29. Qb5 Kf8 30. b3 b6 31. Qc4 Nc5 32. Rf3 Kg8 33. Rf2
Ne6 34. Re2 Rc7 35. Qa4 Re7 36. Qc4 Rd4 37. Qc8+ Bf8 38. Rf2 Rc7 39. Qe8 Rd8
40. Qa4 Bc5 41. Re2 Rd4 42. Qe8+ Kg7 43. Qb8 Ng5+ 44. Kg2 Rd1 45. h4 Rg1+ 46.
Kh2 Nf3+ 47. Kh3 Bd6 0-1